Os 10 principais países com mortes por Covid-19 - 9 de abril - Statistics

Estatísticas Gerais
  • Esse quiz foi jogado 15 vezes
  • A pontuação média é 2 de 13
Estatísticas das Respostas
número por
milhão
país % Correto
China
100%
218 Belgium
8%
187 France
8%
Germany
8%
53 Ireland
8%
302 Italy
8%
326 Spain
8%
110 Switzerland
8%
118 United Kingdom
8%
50 United States
8%
Iran
0%
140 Netherlands
0%
79 Sweden
0%
Nenhum quiz correspondente encontrado
Distribuição das Pontuações
Porcentagem de Pessoas com Cada Pontuação
Percentil de Números Respondidos
Sua Pontuação Histórica
Você não jogou esse quiz